<?xml version="1.0" encoding="UTF-8"?>
<record
    xmlns:xsi="http://www.w3.org/2001/XMLSchema-instance"
    xsi:schemaLocation="http://www.loc.gov/MARC21/slim http://www.loc.gov/standards/marcxml/schema/MARC21slim.xsd"
    xmlns="http://www.loc.gov/MARC21/slim">

  <leader>00510nam a22001817a 4500</leader>
  <datafield tag="999" ind1=" " ind2=" ">
    <subfield code="c">19012</subfield>
    <subfield code="d">19012</subfield>
  </datafield>
  <controlfield tag="008">210702b        xxu||||| |||| 00| 0 eng d</controlfield>
  <datafield tag="020" ind1=" " ind2=" ">
    <subfield code="a">0749467142</subfield>
  </datafield>
  <datafield tag="050" ind1=" " ind2=" ">
    <subfield code="a">HF5719</subfield>
    <subfield code="b">.F67 2013 c.1</subfield>
  </datafield>
  <datafield tag="100" ind1=" " ind2=" ">
    <subfield code="a">Forsyth, Patrick</subfield>
  </datafield>
  <datafield tag="245" ind1=" " ind2=" ">
    <subfield code="a">How to write reports and proposals </subfield>
    <subfield code="c">Patrick Forsyth</subfield>
  </datafield>
  <datafield tag="250" ind1=" " ind2=" ">
    <subfield code="a">3rd ed.</subfield>
  </datafield>
  <datafield tag="260" ind1=" " ind2=" ">
    <subfield code="a">New Delhi</subfield>
    <subfield code="b">Koganpage </subfield>
    <subfield code="c">2013</subfield>
  </datafield>
  <datafield tag="300" ind1=" " ind2=" ">
    <subfield code="a">x, 138p.</subfield>
  </datafield>
  <datafield tag="650" ind1=" " ind2=" ">
    <subfield code="a">Business report writing</subfield>
  </datafield>
  <datafield tag="650" ind1=" " ind2=" ">
    <subfield code="a">Proposal writing in business</subfield>
  </datafield>
  <datafield tag="650" ind1=" " ind2=" ">
    <subfield code="a">Business writing</subfield>
  </datafield>
  <datafield tag="942" ind1=" " ind2=" ">
    <subfield code="2">lcc</subfield>
    <subfield code="c">BK</subfield>
  </datafield>
  <datafield tag="952" ind1=" " ind2=" ">
    <subfield code="0">0</subfield>
    <subfield code="1">0</subfield>
    <subfield code="2">lcc</subfield>
    <subfield code="7">0</subfield>
    <subfield code="a">KABU</subfield>
    <subfield code="b">KABU</subfield>
    <subfield code="d">2021-07-02</subfield>
    <subfield code="g">4983.00</subfield>
    <subfield code="l">0</subfield>
    <subfield code="o">HF5719 .F67 2013 c.1</subfield>
    <subfield code="p">029712</subfield>
    <subfield code="r">2021-07-02 00:00:00</subfield>
    <subfield code="w">2021-07-02</subfield>
    <subfield code="y">BK</subfield>
  </datafield>
  <datafield tag="952" ind1=" " ind2=" ">
    <subfield code="0">0</subfield>
    <subfield code="1">0</subfield>
    <subfield code="2">lcc</subfield>
    <subfield code="7">0</subfield>
    <subfield code="a">KABU</subfield>
    <subfield code="b">KABU</subfield>
    <subfield code="d">2021-07-02</subfield>
    <subfield code="g">4983.00</subfield>
    <subfield code="l">0</subfield>
    <subfield code="o">HF5719 .F67 2013 c.2</subfield>
    <subfield code="p">029713</subfield>
    <subfield code="r">2021-07-02 00:00:00</subfield>
    <subfield code="w">2021-07-02</subfield>
    <subfield code="y">BK</subfield>
  </datafield>
  <datafield tag="952" ind1=" " ind2=" ">
    <subfield code="0">0</subfield>
    <subfield code="1">0</subfield>
    <subfield code="2">lcc</subfield>
    <subfield code="7">0</subfield>
    <subfield code="a">KNTC</subfield>
    <subfield code="b">KNTC</subfield>
    <subfield code="d">2021-07-02</subfield>
    <subfield code="g">4983.00</subfield>
    <subfield code="l">0</subfield>
    <subfield code="o">HF5719 .F67 2013 c.1</subfield>
    <subfield code="p">029714</subfield>
    <subfield code="r">2021-07-02 00:00:00</subfield>
    <subfield code="w">2021-07-02</subfield>
    <subfield code="y">BK</subfield>
  </datafield>
</record>
